00596nam a2200205Ia 4500003000400000005001700004006001800021007000300039008004100042037001700083040001800100041001300118082002700131110006900158245001500227260004900242490001800291650001200309700006900321OSt20220926022519.0a|||||r|||| 00| 0ta220923b |||||||| |||| 00| 0 eng d cGeneral Book aRTLcRTLbeng 2engaeng aV1N45,933:8.N74, L4,24 aUnited Nations. General Assembly. Official Records, 29th Session 0aSupplement aNew YorkbUnited Nations U. S. A. c1974 vSupplement 24 aHistory aUnited Nations. General Assembly. Official Records, 29th Session